000 00858nam a2200241Ia 4500
003 OSt
005 20250711162925.0
008 191128t1992 sp a br 000 f spa d
020 _a8434811685
040 _aCO-JMCR
_cCO-JMCR
041 _aspa
082 0 4 _aN
_bROHc
100 1 _aRöhrig, Tilman,
_eautor
_98029
245 1 0 _aCuando Tina berrea /
_cTilman Röhrig; ilustraciones Manfred Limmroth
250 _aDecima edición
260 _aMadrid :
_bEdiciones SM,
_c©1992
300 _a64 páginas ;
_bilustraciones a color ;
_c19 cm.
490 _aEl barco a vapor; 46
520 _aTom tiene una hermana pequeña. Tina. Debe cuidarla, sacarla al parque y jugar siempre con ella. Si no lo hace, Tina berrea. ¡Y cuando Tina berrea…!
650 1 4 _aNovela infantil
_91227
700 _aLimmroth, Manfred,
_eilustraciones
_98030
942 _2ddc
_cBK
999 _c3368
_d3368